000 00631cam a2200217ua 4500
005 20260515114848.0
008 120831n ii |||gr||||Z||||||asm
040 _cMAIN
_aIN-DiNC
041 _dasm
082 _a891.4512
_bPAT
100 _aPathak, Ramesh
_eauthor
245 _aNatak aru natak/
_cBy Ramesh Pathak
250 _a3rd ed.
260 _aGuwahati:
_bAshok book stall,
_c2012.
300 _a182p.
650 _aTheoretical aspects of drama
650 _aHistory and development of Sanskrit and Assamese drama
650 _aAssamese drama
653 _aEast Indo-European & Celtic literatures
942 _cBK
_2ddc
999 _c11035
_d11035